|
|
|
|
| LEADER |
02757nam a2200385 a 4500 |
| 001 |
3052997 |
| 003 |
BD-DhAAL |
| 008 |
100623r20021997ohua 001 0 eng d |
| 999 |
|
|
|c 9072
|d 9072
|
| 010 |
|
|
|a \\\96027487
|
| 020 |
|
|
|a 0132606704
|
| 020 |
|
|
|a 8120312201
|
| 040 |
|
|
|a DLC
|c DLC
|d DLC
|d BD-DhAAL
|
| 082 |
0 |
0 |
|a 004.165
|2 20
|
| 100 |
1 |
|
|a Brey, Barry B.
|9 29503
|
| 245 |
1 |
4 |
|a The Intel microprocessors :
|b 8086/8088, 80186/80188, 80286, 80386, 80486, Pentium, and Pentium Pro processor /
|c Barry B. Brey.
|
| 250 |
|
|
|a 4th edition
|
| 260 |
|
|
|a Upper Saddle River, NJ :
|b Prentice Hall ;
|a New Delhi :
|b Prentice Hall of India Private Ltd.,
|c 1997 [reprinted 2002].
|
| 300 |
|
|
|a xv, 907 pages :
|b illustrations ;
|c 26 cm.
|
| 504 |
|
|
|a Includes index.
|
| 541 |
1 |
|
|e 00012254
|
| 650 |
|
0 |
|a Intel 80xxx series microprocessors.
|9 29504
|
| 650 |
|
0 |
|a Pentium (Microprocessor)
|9 29505
|
| 852 |
4 |
|
|a Ayesha Abed Library
|j General Shelf
|
| 942 |
0 |
0 |
|2 ddc
|c BK
|
| 952 |
|
|
|0 0
|1 0
|2 ddc
|4 1
|6 004_165000000000000_BRE
|7 0
|9 11237
|a BRACUL
|b BRACUL
|c SPS
|d 2010-06-24
|g 280.00
|l 2
|m 12
|o 004.165 BRE
|p 3010012254
|r 2015-08-02
|s 2015-05-14
|t 8
|w 2010-06-24
|y BK
|
| 952 |
|
|
|0 0
|1 0
|2 ddc
|4 1
|6 004_165000000000000_BRE
|7 0
|9 12193
|a BRACUL
|b BRACUL
|c SPS
|d 2010-09-29
|g 280.00
|l 6
|m 43
|o 004.165 BRE
|p 3010012255
|r 2018-10-14
|s 2018-10-07
|t 9
|w 2010-09-29
|y BK
|
| 952 |
|
|
|0 0
|1 0
|2 ddc
|4 1
|6 004_165000000000000_BRE
|7 0
|9 12198
|a BRACUL
|b BRACUL
|c SPS
|d 2010-09-29
|g 280.00
|l 6
|m 48
|o 004.165 BRE
|p 3010012253
|r 2017-01-11
|s 2016-10-01
|t 7
|w 2010-09-29
|y BK
|
| 952 |
|
|
|0 0
|1 0
|2 ddc
|4 1
|6 004_165000000000000_BRE
|7 0
|9 12451
|a BRACUL
|b BRACUL
|c SPS
|d 2010-10-13
|l 5
|m 33
|o 004.165 BRE
|p 3010010519
|r 2018-04-15
|s 2018-02-03
|t 2
|w 2010-10-13
|y BK
|
| 952 |
|
|
|0 0
|1 0
|2 ddc
|4 1
|6 004_165000000000000_BRE
|7 0
|9 12652
|a BRACUL
|b BRACUL
|c SPS
|d 2010-10-24
|g 280.00
|l 3
|m 27
|o 004.165 BRE
|p 3010012252
|r 2015-12-17
|s 2015-09-16
|t 6
|w 2010-10-24
|y BK
|
| 952 |
|
|
|0 0
|1 4
|2 ddc
|4 0
|6 004_165000000000000_BRE
|7 0
|9 12749
|a BRACUL
|b BRACUL
|c GEN
|d 2010-10-26
|l 5
|m 15
|o 004.165 BRE
|p 3010010520
|r 2019-12-05
|s 2019-01-10
|t 3
|w 2010-10-26
|y BK
|x Koha Inventory 2020
|
| 952 |
|
|
|0 0
|1 0
|2 ddc
|4 1
|6 004_165000000000000_BRE
|7 0
|9 13077
|a BRACUL
|b BRACUL
|c SPS
|d 2010-11-06
|g 280.00
|l 3
|m 17
|o 004.165 BRE
|p 3010012256
|r 2015-08-30
|s 2015-06-01
|t 10
|w 2010-11-06
|y BK
|
| 952 |
|
|
|0 0
|1 4
|2 ddc
|4 1
|6 004_165000000000000_BRE
|7 0
|9 13115
|a BRACUL
|b BRACUL
|c SPS
|d 2010-11-06
|l 10
|m 112
|o 004.165 BRE
|p 3010010518
|r 2019-09-24
|s 2019-09-16
|t 1
|w 2010-11-06
|y BK
|x Koha Inventory 2020
|
| 952 |
|
|
|0 0
|1 0
|2 ddc
|4 1
|6 004_165000000000000_BRE
|7 0
|9 13117
|a BRACUL
|b BRACUL
|c SPS
|d 2010-11-06
|g 280.00
|l 6
|m 58
|o 004.165 BRE
|p 3010012251
|r 2024-10-08
|s 2024-06-22
|t 5
|w 2010-11-06
|y BK
|
| 952 |
|
|
|0 0
|1 0
|2 ddc
|4 1
|6 004_165000000000000_BRE
|7 0
|9 13118
|a BRACUL
|b BRACUL
|c SPS
|d 2010-11-06
|g 280.00
|l 4
|m 28
|o 004.165 BRE
|p 3010012250
|r 2018-05-27
|s 2018-01-04
|t 4
|w 2010-11-06
|y BK
|